Στις γειτονιές της φυσικής : με απαντήσεις
Αποθηκεύτηκε σε:
| Κύριος συγγραφέας: | |
|---|---|
| Μορφή: | Βιβλίο |
| Γλώσσα: | Greek |
| Δημοσίευση: |
[Αθήνα] :
Κάτοπτρο,
[c1983]
|
| Θέματα: | |
| Ετικέτες: |
Προσθήκη ετικέτας
Δεν υπάρχουν, Καταχωρήστε ετικέτα πρώτοι!
|
MARC
| LEADER | 00000nam a2200000 i 4500 | ||
|---|---|---|---|
| 001 | 1/78790 | ||
| 008 | 960822s1983 gre d | ||
| 020 | |z 0-953218-06-8 | ||
| 035 | |a 1993 |b 1 |c Χατζηνικήτα |l 10033017 | ||
| 040 | |a GR-MY-UA |b gre |e aacr | ||
| 041 | 0 | |a gre | |
| 082 | 0 | |a 530.076 | |
| 100 | 1 | |a Epstein, Lewis C. | |
| 245 | 1 | 0 | |a Στις γειτονιές της φυσικής : |b με απαντήσεις / |c Lewis C. Epstein |
| 260 | |a [Αθήνα] : |b Κάτοπτρο, |c [c1983] | ||
| 300 | |a 2 τ. | ||
| 505 | 0 | |a τ.1: Μηχανική. Ρευστά. Κύματα. Σχετικότητα. - τ.2: Θερμότητα. Οπτική. Ηλεκτρομαγνητισμός. Κβαντομηχανική | |
| 650 | 0 | 0 | |a Physics |x Problems, exercises, etc. |
| 852 | |a INST |b RHODES |e 19960822 |h 530.076 EPS |p 005400003481 |q 005400003481 |t BK |y 0 | ||
| 852 | |a INST |b RHODES |e 19960822 |h 530.076 EPS |p 005400009680 |q 005400009680 |t BK |y 0 | ||
| 909 | |a Ρ |b 026007 |c 1993 | ||
| 909 | |a Ρ |b 026008 |c 1993 | ||